|
|
|
|
| LEADER |
01599nam a2200421 a 4500 |
| 001 |
EBC408495 |
| 003 |
MiAaPQ |
| 005 |
20200520144314.0 |
| 006 |
m o d | |
| 007 |
cr cn||||||||| |
| 008 |
850926s1986 ilua sb 101 0 eng d |
| 010 |
|
|
|z 85020989
|
| 020 |
|
|
|z 0226261646
|
| 020 |
|
|
|z 9780226261645
|
| 020 |
|
|
|z 9780226261829
|
| 035 |
|
|
|a (MiAaPQ)EBC408495
|
| 035 |
|
|
|a (Au-PeEL)EBL408495
|
| 035 |
|
|
|a (CaPaEBR)ebr10230029
|
| 035 |
|
|
|a (CaONFJC)MIL143094
|
| 035 |
|
|
|a (OCoLC)476229347
|
| 040 |
|
|
|a MiAaPQ
|c MiAaPQ
|d MiAaPQ
|
| 043 |
|
|
|a n-us---
|
| 050 |
|
4 |
|a HD6273
|b .B57 1986
|
| 082 |
0 |
4 |
|a 331.3/46396073
|2 19
|
| 245 |
0 |
4 |
|a The Black youth employment crisis
|h [electronic resource] /
|c edited by Richard B. Freeman and Harry J. Holzer.
|
| 260 |
|
|
|a Chicago :
|b University of Chicago Press,
|c 1986.
|
| 300 |
|
|
|a viii, 469 p. :
|b ill.
|
| 490 |
1 |
|
|a National Bureau of Economic Research project report
|
| 504 |
|
|
|a Includes bibliographies and indexes.
|
| 533 |
|
|
|a Electronic reproduction. Ann Arbor, MI : ProQuest, 2015. Available via World Wide Web. Access may be limited to ProQuest affiliated libraries.
|
| 650 |
|
0 |
|a African American youth
|x Employment
|v Congresses.
|
| 650 |
|
0 |
|a Unemployment
|z United States
|v Congresses.
|
| 655 |
|
4 |
|a Electronic books.
|
| 700 |
1 |
|
|a Freeman, Richard B.
|q (Richard Barry),
|d 1943-
|
| 700 |
1 |
|
|a Holzer, Harry J.,
|d 1957-
|
| 710 |
2 |
|
|a ProQuest (Firm)
|
| 830 |
|
0 |
|a National Bureau of Economic Research project report.
|
| 856 |
4 |
0 |
|u https://ebookcentral.proquest.com/lib/matrademy/detail.action?docID=408495
|z Click to View
|